000 00563nam a2200193 a 4500
003 PILC
005 20160215091959.0
008 060920s19uu xx 00 eng d
020 _a9780073515038
050 _aBF 698.A1
_b.T35 2007
245 _aTaking sides:
_bclashing views in social psychology /
_cedited by Jason A. Nler
250 _a2nd edition.
260 _aU.S.A :
_bMcGraw-Hill Inc,
_c2007.
300 _a410 pages ;
_c22 cm.
500 _aIncludes index.
650 _aSocial psychology
_xUnited States.
942 _cBK
_2lcc
_kFOR
999 _c21662
_d21662